000 00582nam a2200241Ia 4500
003 OSt
005 20220916110958.0
006 a|||||r|||| 00| 0
007 ta
008 220915b |||||||| |||| 00| 0 urd d
024 _a60,817
037 _cTextbook
040 _burd
_aARTS
_cARTS
041 _aurd
082 _aM5, 168G1
100 _aBrindirth Au.
245 0 _aNajjari
260 _c1931
650 _aCARPENTRY
700 _a Mukharji Mohan Tr.
942 _hM5, 168G1
_cTB
_2CC
999 _c102668
_d102668